| 000 | 00741cam a2200205 a 4500 | ||
|---|---|---|---|
| 001 | 000006990 | ||
| 005 | 20200929154035.0 | ||
| 008 | 061207s2005 ve b 001 0dspa | ||
| 020 | _z9962022874 | ||
| 040 |
_aDO-SdBNP _cDLC _dDLC |
||
| 082 |
_a923.2 _bA696S |
||
| 100 | 1 |
_aSalamín Cárdenas., Marcel A., _d1944- _919440 |
|
| 245 | 1 | 0 |
_aPancho Arias y su época : _bensayo crítico para una biografía de la patria / _cMarcel Salamín Cárdenas. |
| 260 |
_aVenezuela : _bEpsilon Libros, _c2005. |
||
| 300 |
_a435 p. ; _c22 cm. |
||
| 504 | _aIncluye referencias bibliográficas. | ||
| 600 | 1 | 4 |
_aARIAS PAREDES, FRANCISCO, _d1886-1946. _919441 |
| 651 | 4 |
_aPanamá _xPolítica Y Gobierno _y1903-1946. _919442 |
|
| 910 | _aCatalogación derivada / LC | ||
| 999 |
_c6774 _d6774 |
||